000 00601nam a22001817a 4500
005 20170809145620.0
010 _aENG-119600
020 _c225.00
_a9788184655032
035 _aEN-103132
037 _bDBAD/PUB
082 _a280.59
100 _aZechariah,John
245 _aIn search of Christian leadership qualities and role /
_cby John Zechariah
260 _aDelhi
_bThe Indian Society for Promoting Christian Knowlewdge(ISPCK))
_c2015
270 _a1585,1654 Madarsa Road Kashmere Gate
_bDelhi
_e110006
300 _axvii,158p.
_c22cm(pbk)
942 _2ddc
_cEN
_mZEC
_h280.59
999 _c143198
_d143198